| 000 | 01333nam a22003135a 4500 | ||
|---|---|---|---|
| 005 | 20150824114548.0 | ||
| 008 | 150824s1969 nyua|||fr|||| 00| 0 eng d | ||
| 010 | _a 72022770 | ||
| 040 |
_aEG-ScBUE _beng _cEG-ScBUE |
||
| 082 | 0 | 4 |
_a338.642098 _2SMA _b22 |
| 100 | _a20080729 | ||
| 111 | 2 |
_aSeminar on Small-Scale Industry in Latin America ( _d1966 : _cQuito, Ecuador) |
|
| 245 | 1 | 0 |
_aSmall-scale industry in Latin America / _cUnited Nations Industrial Development Organization. |
| 260 |
_aNew York : _bUnited Nations, _c1969. |
||
| 300 |
_axi, 323 p. : _bill. ; _c24 cm. |
||
| 490 | 0 | _aUnited Nations publication. Sales no.: E.69.II.B.37. | |
| 500 | _aAt head of title: United Nations Industrial Development Organization, Vienna. | ||
| 500 | _aSponsored by the Economic Commission for Latin America, and others in cooperation with the Government of Ecuador. | ||
| 500 | _aDonations. | ||
| 500 | _aDonations - Bibliotheca Alexandrina. | ||
| 504 | _aIncludes bibliographical references. | ||
| 590 | _ayasmeen | ||
| 650 | 0 |
_aSmall business _zLatin America _xCongresses. _2BUEsh |
|
| 651 | _2BUEsh | ||
| 653 |
_bBUSBOL _bBUSECO _cAugust2015 |
||
| 710 | 2 | _aUnited Nations Industrial Development Organization. | |
| 710 | 2 |
_aUnited Nations. _bEconomic Commission for Latin America. |
|
| 942 |
_cBB _2ddc |
||
| 999 |
_c3312 _d3312 |
||